[Event "Speed Chess Invitational"]
[Site "chess.com INT"]
[Date "2020.10.25"]
[Round "1.2"]
[White "Anton Guijarro, David"]
[Black "Grischuk, Alexander"]
[Result "0-1"]
[WhiteTitle "GM"]
[BlackTitle "GM"]
[WhiteElo "2681"]
[BlackElo "2777"]
[WhiteFideId "2285525"]
[BlackFideId "4126025"]
[EventDate "2020.10.25"]

1. Nf3 d5 2. g3 g6 3. c4 dxc4 4. Na3 Bg7 5. Nxc4 Nc6 6. Bg2 e5 7. d3 Nge7 8. h4
h6 9. Bd2 Be6 10. Rc1 a5 11. Bc3 f6 12. b3 O-O 13. O-O Qd7 14. Qc2 Rfd8 15. Rfd1
Nf5 16. Ncd2 Qf7 17. Ne4 b6 18. e3 Rac8 19. d4 exd4 20. exd4 Bd5 21. Re1 Nce7
22. Bb2 Nc6 23. Bc3 Re8 24. Ned2 Nd6 25. Nf1 Ne7 26. Bb2 h5 27. Ne3 Be4 28. Qd1
Nd5 29. Nc4 Bf5 30. Rxe8+ Rxe8 31. Nxd6 cxd6 32. a3 Bh6 33. Ra1 Be4 34. Bc1 Nc3
35. Qf1 Bxc1 36. Rxc1 Bd3 37. Qxd3 Ne2+ 38. Kh2 Nxc1 39. Qb5 Kg7 40. Qxb6 Nd3
41. Kg1 Qd7 42. d5 Kh7 43. Qd4 Ne5 44. Nxe5 Rxe5 45. Qd2 Qc7 46. Bf3 Kg7 47. Kg2
Qb6 48. b4 axb4 49. axb4 Re7 50. Be2 Ra7 51. Qf4 Re7 52. Bd3 f5 53. Qg5 Rf7 54.
Qf4 Qc7 55. Qd4+ Kh7 56. b5 Qc5 57. Qxc5 dxc5 58. Kf3 Kg7 59. Kf4 Kf6 60. d6 Rd7
61. Ke3 Rxd6 62. Bc4 Rd4 63. Bd3 Rb4 64. Kd2 Ke5 65. Kc3 Kd6 66. Bc4 Ra4 67. Bf7
Rg4 68. Kd3 f4 69. gxf4 Rxf4 70. Bxg6 Rxh4 71. Ke3 Kc7 72. f4 Rh1 73. f5 h4 74.
f6 Rf1 75. f7 h3 76. Ke2 Rf6 0-1

[Event "Speed Chess Invitational"]
[Site "chess.com INT"]
[Date "2020.10.25"]
[Round "1.3"]
[White "Grischuk, Alexander"]
[Black "Anton Guijarro, David"]
[Result "1-0"]
[WhiteTitle "GM"]
[BlackTitle "GM"]
[WhiteElo "2777"]
[BlackElo "2681"]
[WhiteFideId "4126025"]
[BlackFideId "2285525"]
[EventDate "2020.10.25"]

1. e4 e5 2. Nc3 Nc6 3. Bc4 Nf6 4. d3 Na5 5. Bb3 Bc5 6. Bg5 Be7 7. Nf3 Nxb3 8.
axb3 d6 9. O-O h6 10. Be3 O-O 11. h3 b6 12. b4 Bb7 13. b5 a6 14. bxa6 Bxa6 15.
Re1 Bb7 16. Rxa8 Qxa8 17. Nh4 Bc8 18. Qf3 Qc6 19. Nf5 Bxf5 20. Qxf5 b5 21. Rc1
b4 22. Nb1 g6 23. Qf3 Kg7 24. Nd2 Ra8 25. Nc4 Nd7 26. b3 Nc5 27. Qe2 Ne6 28. Qd2
Bg5 29. Qxb4 Nd4 30. Qd2 Ra2 31. Qd1 Bxe3 32. fxe3 Ne6 33. Ra1 Qa6 34. Rxa2 Qxa2
35. Qc1 Nc5 36. Qb2 Qxb2 37. Nxb2 Na6 38. Kf2 f5 39. exf5 gxf5 40. g4 fxg4 41.
hxg4 Kf6 42. c3 Nc5 43. b4 Na4 44. Nxa4 1-0

[Event "Speed Chess Invitational"]
[Site "chess.com INT"]
[Date "2020.10.25"]
[Round "1.4"]
[White "Anton Guijarro, David"]
[Black "Grischuk, Alexander"]
[Result "0-1"]
[WhiteTitle "GM"]
[BlackTitle "GM"]
[WhiteElo "2681"]
[BlackElo "2777"]
[WhiteFideId "2285525"]
[BlackFideId "4126025"]
[EventDate "2020.10.25"]

1. e4 c5 2. Nc3 d6 3. Nf3 Nf6 4. Bb5+ Bd7 5. Bxd7+ Qxd7 6. O-O Nc6 7. d3 g6 8.
Re1 Bg7 9. Bf4 O-O 10. Qd2 Nd4 11. Nxd4 cxd4 12. Ne2 Rac8 13. c4 dxc3 14. Nxc3
b5 15. Bg5 e6 16. a3 a5 17. Nd1 Qa7 18. Be3 Qa6 19. f3 Nd7 20. Nf2 Nc5 21. Bxc5
Rxc5 22. d4 Rc4 23. e5 Qb6 24. Rad1 Rfc8 25. Re2 b4 26. axb4 axb4 27. b3 Rc3 28.
exd6 Rxb3 29. d7 Rd8 30. d5 Rxd7 31. Qa2 Ra3 32. Qc4 Rc3 33. Qe4 Rc8 34. g3 b3
35. Kg2 Rxd5 36. Rxd5 exd5 37. Qg4 Rb8 38. Re1 b2 39. Rb1 h5 40. Qf4 Re8 41. Qd2
Qe3 42. Qxd5 Qe2 43. Qd7 Ra8 44. Qd3 Qxd3 45. Nxd3 Ra1 0-1

[Event "Speed Chess Invitational"]
[Site "chess.com INT"]
[Date "2020.10.25"]
[Round "1.5"]
[White "Grischuk, Alexander"]
[Black "Anton Guijarro, David"]
[Result "1-0"]
[WhiteTitle "GM"]
[BlackTitle "GM"]
[WhiteElo "2777"]
[BlackElo "2681"]
[WhiteFideId "4126025"]
[BlackFideId "2285525"]
[EventDate "2020.10.25"]

1. d4 Nf6 2. Nf3 b6 3. c4 Bb7 4. g3 c5 5. d5 b5 6. Bg2 bxc4 7. Nc3 g6 8. e4 d6
9. e5 dxe5 10. Nxe5 Bg7 11. Nxc4 O-O 12. O-O Nbd7 13. Re1 Re8 14. Bf4 Nh5 15.
Bg5 Bf6 16. h4 Rb8 17. Qd2 Ba6 18. b3 Bxc4 19. bxc4 Ng7 20. Rad1 Nf5 21. Ne4
Bxg5 22. Qxg5 Nd6 23. h5 Nxe4 24. Bxe4 Nf6 25. hxg6 hxg6 26. Bxg6 fxg6 27. Qxg6+
Kf8 28. d6 exd6 29. Rxe8+ Nxe8 30. Rd3 Ke7 31. Qh7+ Kf8 32. Rf3+ Nf6 33. Qg6 Ke7
34. Rxf6 Kd7 35. Rxd6+ 1-0

[Event "Speed Chess Invitational"]
[Site "chess.com INT"]
[Date "2020.10.25"]
[Round "1.6"]
[White "Anton Guijarro, David"]
[Black "Grischuk, Alexander"]
[Result "1/2-1/2"]
[WhiteTitle "GM"]
[BlackTitle "GM"]
[WhiteElo "2681"]
[BlackElo "2777"]
[WhiteFideId "2285525"]
[BlackFideId "4126025"]
[EventDate "2020.10.25"]

1. Nf3 Nf6 2. g3 c5 3. Bg2 Nc6 4. c4 d5 5. cxd5 Nxd5 6. Nc3 g6 7. h4 Bg7 8. h5
Bf5 9. h6 Bf6 10. O-O O-O 11. Nh2 Nxc3 12. dxc3 Qb6 13. e4 Rfd8 14. Qe2 Be6 15.
f4 Na5 16. Qf2 Bc4 17. Re1 Bd3 18. e5 Bh8 19. Be3 Rac8 20. b4 Nc4 21. Bxc5 Qc7
22. Nf3 b6 23. Bd4 Na3 24. Bh3 Nc2 25. Red1 Nxd4 26. Nxd4 Qxc3 27. Bxc8 Rxc8 28.
Rac1 Qxc1 29. Rxc1 Rxc1+ 30. Kh2 Be4 31. g4 g5 32. Qe3 Rh1+ 33. Kg3 gxf4+ 34.
Qxf4 Bd5 35. Nf5 Kf8 36. Qd4 e6 37. Ne3 Rxh6 38. Nxd5 exd5 39. Qxd5 Re6 40. Qa8+
Kg7 41. Qxa7 Kg6 42. Kf3 Bxe5 43. a4 Bc3 44. a5 bxa5 45. bxa5 Bxa5 46. Qxa5 Kg7
47. Kf4 h6 48. Qd5 Rg6 49. Kf3 Re6 50. Qd4+ Kg8 51. Kg3 Rg6 52. Kh4 Re6 53. Kh5
Rg6 54. Kh4 Re6 55. Qf4 Rg6 56. Qb8+ Kg7 57. Qb2+ Kg8 58. Qd4 1/2-1/2

[Event "Speed Chess Invitational"]
[Site "chess.com INT"]
[Date "2020.10.25"]
[Round "1.7"]
[White "Grischuk, Alexander"]
[Black "Anton Guijarro, David"]
[Result "1-0"]
[WhiteTitle "GM"]
[BlackTitle "GM"]
[WhiteElo "2777"]
[BlackElo "2681"]
[WhiteFideId "4126025"]
[BlackFideId "2285525"]
[EventDate "2020.10.25"]

1. d4 e6 2. e4 c5 3. c3 Nf6 4. Bd3 Nc6 5. Nf3 d6 6. O-O Be7 7. Re1 e5 8. d5 Nb8
9. a4 Nbd7 10. a5 Rb8 11. b4 O-O 12. Na3 a6 13. Nc4 Re8 14. h3 cxb4 15. cxb4 Nf8
16. Be3 N6d7 17. Rc1 h6 18. Nb6 Ng6 19. Nxd7 Qxd7 20. Bc2 b5 21. axb6 Qd8 22.
Ba4 Rf8 23. Rc7 Bg5 24. Nxg5 hxg5 25. Bc6 Nf4 26. Qf3 Qf6 27. Qg3 Nh5 28. Qxg5
Qxg5 29. Bxg5 Rxb6 30. Be7 1-0

[Event "Speed Chess Invitational"]
[Site "chess.com INT"]
[Date "2020.10.25"]
[Round "1.8"]
[White "Anton Guijarro, David"]
[Black "Grischuk, Alexander"]
[Result "0-1"]
[WhiteTitle "GM"]
[BlackTitle "GM"]
[WhiteElo "2681"]
[BlackElo "2777"]
[WhiteFideId "2285525"]
[BlackFideId "4126025"]
[EventDate "2020.10.25"]

1. d4 Nf6 2. Nc3 d5 3. Bg5 g6 4. e3 Bg7 5. Nf3 O-O 6. a3 c5 7. Bd3 cxd4 8. Nxd4
e5 9. Nb3 h6 10. Bh4 Nc6 11. O-O g5 12. Bg3 Qe7 13. f4 gxf4 14. exf4 e4 15. Bb5
d4 16. Nxd4 Nxd4 17. Qxd4 Rd8 18. Qb4 Qc7 19. Rae1 Bf5 20. Bf2 Ng4 21. Qc5 Qxc5
22. Bxc5 b6 23. Bf2 Rac8 24. Bh4 Rd2 25. Re2 Bd4+ 26. Kh1 Rxe2 27. Bxe2 Ne3 28.
Rc1 Bxc3 29. bxc3 Rxc3 30. Bf2 Rxc2 31. Rxc2 Nxc2 32. g4 e3 33. Bh4 Nd4 34. gxf5
Nxe2 35. Kg2 Nxf4+ 36. Kf3 Nd5 37. Ke4 Nc3+ 38. Kxe3 f6 39. Kd4 Nb5+ 40. Kd5 Kf7
41. Be1 Nxa3 42. Bd2 Nc2 43. Bxh6 a5 44. h4 a4 45. Kc4 b5+ 46. Kxb5 a3 47. Bc1
a2 48. Bb2 a1=Q 49. Bxa1 Nxa1 50. h5 Nc2 51. Kc5 Ne3 0-1

[Event "Speed Chess Invitational"]
[Site "chess.com INT"]
[Date "2020.10.25"]
[Round "1.9"]
[White "Grischuk, Alexander"]
[Black "Anton Guijarro, David"]
[Result "1/2-1/2"]
[WhiteTitle "GM"]
[BlackTitle "GM"]
[WhiteElo "2777"]
[BlackElo "2681"]
[WhiteFideId "4126025"]
[BlackFideId "2285525"]
[EventDate "2020.10.25"]

1. d4 d6 2. e4 g6 3. Nf3 Bg7 4. Bd3 Bg4 5. c3 Nc6 6. Nbd2 e5 7. h3 Bd7 8. dxe5
Nxe5 9. Nxe5 dxe5 10. O-O Nf6 11. Qf3 O-O 12. a4 Qe7 13. b3 Rfd8 14. Ba3 Qe8 15.
Nc4 Nh5 16. Rfd1 Nf4 17. Bf1 Be6 18. Kh2 Nh5 19. Rxd8 Rxd8 20. Rd1 Nf6 21. Rxd8
Qxd8 22. Nxe5 Bxb3 23. Bc4 Bxc4 24. Nxc4 Nd7 25. g3 Qe8 26. e5 Nxe5 27. Nxe5
Bxe5 28. Qxb7 Qxa4 29. Qc8+ Kg7 30. Qf8+ Kf6 31. Qe7+ Kf5 32. Qxf7+ Ke4 33. Bc5
Qc2 34. Qxh7 Kf3 35. Qf7+ Ke2 36. Qc4+ Qd3 37. Qxd3+ Kxd3 38. Bxa7 Bxc3 39. Kg2
Bb4 40. f4 c5 41. Bxc5 Bxc5 42. Kf3 Kd4 43. Kg4 Be7 44. h4 Ke4 45. h5 gxh5+ 46.
Kxh5 Kf5 47. g4+ Kxf4 48. g5 Bxg5 1/2-1/2

[Event "Speed Chess Invitational"]
[Site "chess.com INT"]
[Date "2020.10.25"]
[Round "1.10"]
[White "Anton Guijarro, David"]
[Black "Grischuk, Alexander"]
[Result "0-1"]
[WhiteTitle "GM"]
[BlackTitle "GM"]
[WhiteElo "2681"]
[BlackElo "2777"]
[WhiteFideId "2285525"]
[BlackFideId "4126025"]
[EventDate "2020.10.25"]

1. e4 c5 2. Nc3 d6 3. f4 g6 4. Nf3 Bg7 5. Bb5+ Bd7 6. Bc4 Nc6 7. d3 Na5 8. Bd2
Nxc4 9. dxc4 Bc6 10. Qe2 Qd7 11. O-O-O Rb8 12. e5 Nh6 13. Be3 b6 14. Nd5 Bxd5
15. cxd5 O-O 16. Kb1 Qa4 17. Bc1 b5 18. Rhg1 Rb6 19. b3 Qa5 20. Bb2 b4 21. Qd2
Ra6 22. a4 bxa3 23. Qxa5 Rxa5 24. Bc3 Ra6 25. g4 f5 26. g5 Ng4 27. Rd2 a2+ 28.
Ka1 c4 29. h3 cxb3 30. cxb3 Rc8 31. Rc1 Ne3 32. Rxa2 Rxa2+ 33. Kxa2 Nxd5 34. Bd2
Rxc1 35. Bxc1 dxe5 36. fxe5 Kf7 37. Bb2 Ke8 38. Bd4 a6 39. Ka3 Kd8 40. Ka4 Kc7
41. Ka5 Kb7 42. Bc5 e6 43. Bd6 f4 44. Nd4 Bh8 45. b4 Ne3 46. b5 Nc4+ 47. Kb4
axb5 48. Nxe6 f3 49. Bc5 Kc6 50. Nd8+ Kd7 51. e6+ Kxd8 52. Kxb5 Ne5 0-1

[Event "Speed Chess Invitational"]
[Site "chess.com INT"]
[Date "2020.10.25"]
[Round "1.1"]
[White "Vidit, Santosh Gujrathi"]
[Black "Dubov, Daniil"]
[Result "1-0"]
[WhiteTitle "GM"]
[BlackTitle "GM"]
[WhiteElo "2726"]
[BlackElo "2699"]
[WhiteFideId "5029465"]
[BlackFideId "24126055"]
[EventDate "2020.10.25"]

1. d4 Nf6 2. Nf3 d5 3. c4 e6 4. e3 a6 5. b3 c5 6. Bb2 cxd4 7. exd4 Bb4+ 8. Nbd2
dxc4 9. bxc4 Nc6 10. Bd3 O-O 11. O-O Be7 12. Qe2 b5 13. c5 Nb4 14. Bb1 Bb7 15.
a3 Nbd5 16. g3 Nd7 17. Bd3 Bc6 18. Ne4 Qc7 19. Rfe1 h6 20. Ne5 Bb7 21. Rac1 Nxe5
22. dxe5 Qc6 23. f3 Qd7 24. Nd6 Bc6 25. h4 h5 26. Red1 g6 27. Be4 a5 28. Qd2 Kh7
29. Rc2 Nc7 30. Qe2 Bxe4 31. Qxe4 Nd5 32. c6 Qa7+ 33. Bd4 Qa6 34. c7 b4 35. axb4
axb4 36. Qd3 Qa4 37. c8=Q Bxd6 38. Qxa8 Rxa8 39. exd6 b3 40. Rcd2 Rb8 41. Bb2
Qc6 42. Qd4 f6 43. Rc1 Qxd6 44. Kg2 Rd8 45. Kh2 Qe7 46. Qe4 Rd7 47. Qc4 Ne3 48.
Rxd7 Qxd7 49. Qc7 Qxc7 50. Rxc7+ Kg8 51. Rb7 e5 52. Rxb3 Nc4 53. Kg2 Kf8 54. Kf2
Ke7 55. Rb4 Nd6 56. Ba3 Nf5 57. Rb6+ Kf7 58. Bb2 Ne7 59. g4 hxg4 60. fxg4 Nd5
61. Rd6 Nf4 62. g5 fxg5 63. hxg5 Ke7 64. Bxe5 Ne6 65. Ke3 Nxg5 66. Rxg6 Nf7 67.
Ke4 Nd8 68. Kd5 Nf7 69. Bf6+ Kf8 70. Rg1 Ke8 71. Ke6 Nh6 72. Rg6 1-0

[Event "Speed Chess Invitational"]
[Site "chess.com INT"]
[Date "2020.10.25"]
[Round "1.2"]
[White "Dubov, Daniil"]
[Black "Vidit, Santosh Gujrathi"]
[Result "0-1"]
[WhiteTitle "GM"]
[BlackTitle "GM"]
[WhiteElo "2699"]
[BlackElo "2726"]
[WhiteFideId "24126055"]
[BlackFideId "5029465"]
[EventDate "2020.10.25"]

1. d4 Nf6 2. Nf3 d5 3. c4 e6 4. g3 Be7 5. Bg2 O-O 6. O-O dxc4 7. Qc2 a6 8. a4
Bd7 9. Qxc4 Bc6 10. Bg5 Nbd7 11. Nc3 h6 12. Bxf6 Nxf6 13. a5 Qd6 14. Rfc1 Rfd8
15. e3 Qb4 16. Qe2 Rac8 17. Ne5 Bxg2 18. Kxg2 Qb3 19. h4 Bd6 20. Nc4 Bf8 21. g4
Nd5 22. Ne4 f5 23. gxf5 exf5 24. Ned2 Qb5 25. Qf3 c5 26. Qxf5 cxd4 27. Qe6+ Kh7
28. Ne5 Rxc1 29. Qf5+ Kg8 30. Rxc1 dxe3 31. Qe6+ Kh7 32. Qf5+ Kg8 33. Ndf3 Qe8
34. Re1 Bc5 35. Ng4 Qf7 36. Qxf7+ Kxf7 37. fxe3 Nf6 38. Nxf6 Kxf6 39. e4 Rd3 40.
Rc1 Bd6 41. Rc8 Rb3 42. Rc2 Be5 0-1

[Event "Speed Chess Invitational"]
[Site "chess.com INT"]
[Date "2020.10.25"]
[Round "1.3"]
[White "Vidit, Santosh Gujrathi"]
[Black "Dubov, Daniil"]
[Result "1/2-1/2"]
[WhiteTitle "GM"]
[BlackTitle "GM"]
[WhiteElo "2726"]
[BlackElo "2699"]
[WhiteFideId "5029465"]
[BlackFideId "24126055"]
[EventDate "2020.10.25"]

1. d4 Nf6 2. c4 d6 3. Nf3 g6 4. g3 Bg7 5. Bg2 O-O 6. Nc3 Nc6 7. O-O e5 8. dxe5
dxe5 9. Bg5 h6 10. Qxd8 Rxd8 11. Bxf6 Bxf6 12. Nd5 Kg7 13. Nxc7 Rb8 14. e4 Be7
15. Nd5 Bc5 16. h3 Be6 17. Rfd1 a5 18. b3 b6 19. Rd2 Rd7 20. Rad1 Rbd8 21. Nc3
Rxd2 22. Rxd2 Nd4 23. Nxd4 Rxd4 24. Rxd4 Bxd4 25. Nb5 Bc5 26. Kf1 Kf8 27. Ke2
Ke7 28. f4 f6 29. h4 exf4 30. gxf4 g5 31. hxg5 hxg5 32. Kf3 gxf4 33. Kxf4 Bd7
34. Nc3 Bd6+ 35. Ke3 Bc6 36. Bh3 Bb4 37. Nd5+ Bxd5 38. exd5 Kd6 39. Ke4 1/2-1/2

[Event "Speed Chess Invitational"]
[Site "chess.com INT"]
[Date "2020.10.25"]
[Round "1.4"]
[White "Dubov, Daniil"]
[Black "Vidit, Santosh Gujrathi"]
[Result "0-1"]
[WhiteTitle "GM"]
[BlackTitle "GM"]
[WhiteElo "2699"]
[BlackElo "2726"]
[WhiteFideId "24126055"]
[BlackFideId "5029465"]
[EventDate "2020.10.25"]

1. d4 Nf6 2. Nf3 d5 3. c4 e6 4. Nc3 Bb4 5. g3 O-O 6. Bg2 dxc4 7. O-O Nc6 8. Qa4
Nd5 9. Qc2 Be7 10. Rd1 Rb8 11. e4 Ncb4 12. Qd2 Nxc3 13. Qxc3 b5 14. b3 Bb7 15.
Ba3 a5 16. Ne5 Nxa2 17. Rxa2 Bxa3 18. bxc4 Bb4 19. Qc1 bxc4 20. Nxc4 Ra8 21. h4
Qe7 22. h5 h6 23. Rc2 Rfc8 24. d5 exd5 25. exd5 Qf6 26. Ne3 Bd6 27. Be4 a4 28.
Ng4 Qg5 29. Qxg5 hxg5 30. h6 a3 31. hxg7 Kxg7 32. Kg2 Re8 33. Bf3 Ra5 34. Ne3
Bc8 35. Nc4 Rc5 36. Nxd6 cxd6 37. Rxc5 dxc5 38. Ra1 g4 39. Bd1 Re1 40. Rxa3 Rxd1 0-1

[Event "Speed Chess Invitational"]
[Site "chess.com INT"]
[Date "2020.10.25"]
[Round "1.5"]
[White "Vidit, Santosh Gujrathi"]
[Black "Dubov, Daniil"]
[Result "1/2-1/2"]
[WhiteTitle "GM"]
[BlackTitle "GM"]
[WhiteElo "2726"]
[BlackElo "2699"]
[WhiteFideId "5029465"]
[BlackFideId "24126055"]
[EventDate "2020.10.25"]

1. d4 Nf6 2. Nf3 g6 3. c4 Bg7 4. g3 b6 5. Bg2 Bb7 6. O-O O-O 7. Qc2 c5 8. d5 b5
9. e4 bxc4 10. Nfd2 Na6 11. Nxc4 d6 12. Nc3 Nb4 13. Qe2 Ba6 14. Rb1 Nd7 15. Nd1
Nxa2 16. Bd2 Rb8 17. Nde3 Ne5 18. b3 Nb4 19. f4 Nd7 20. Kh1 Bb5 21. Rfc1 a5 22.
Bc3 Bxc3 23. Rxc3 a4 24. bxa4 Bxa4 25. Ra1 Bb5 26. Qd2 Ra8 27. Rca3 Rxa3 28.
Rxa3 Nb6 29. Nxb6 Qxb6 30. e5 Qc7 31. Qc3 Bd7 32. Bf1 Rb8 33. h4 e6 34. dxe6
Bxe6 35. exd6 Qxd6 36. Bg2 Nd5 37. Qd2 Rb1+ 38. Kh2 Nxe3 39. Qxd6 Ng4+ 40. Kh3
Nf2+ 41. Kh2 Ng4+ 42. Kh3 Nf2+ 43. Kh2 Ng4+ 1/2-1/2

[Event "Speed Chess Invitational"]
[Site "chess.com INT"]
[Date "2020.10.25"]
[Round "1.6"]
[White "Dubov, Daniil"]
[Black "Vidit, Santosh Gujrathi"]
[Result "0-1"]
[WhiteTitle "GM"]
[BlackTitle "GM"]
[WhiteElo "2699"]
[BlackElo "2726"]
[WhiteFideId "24126055"]
[BlackFideId "5029465"]
[EventDate "2020.10.25"]

1. d4 Nf6 2. Nf3 d5 3. c4 e6 4. g3 Be7 5. Bg2 O-O 6. b3 dxc4 7. bxc4 c5 8. O-O
Nc6 9. e3 Na5 10. Qe2 b6 11. Ne5 Rb8 12. Rd1 Qc7 13. Bb2 Bb7 14. d5 Bd6 15. Nc3
Ba6 16. Ng4 Nxg4 17. Qxg4 f5 18. Qe2 Bxc4 19. Qc2 e5 20. e4 f4 21. Bf1 Bxf1 22.
Rxf1 Qd7 23. f3 Nc4 24. Bc1 Qh3 25. Qg2 Qxg2+ 26. Kxg2 b5 27. a4 b4 28. Nb5 fxg3
29. hxg3 a6 30. Nxd6 Nxd6 31. Re1 c4 32. f4 c3 33. fxe5 Nc4 34. e6 b3 35. Bf4 b2
36. e7 Rfe8 37. Bxb8 bxa1=Q 38. Rxa1 Rxb8 39. Rc1 c2 40. Kh3 Ne3 41. d6 Kf7 42.
Re1 Ke8 43. g4 Rb1 44. Rxe3 c1=Q 45. Rf3 Qh1+ 46. Kg3 Rg1+ 47. Kf4 Rf1 48. Rxf1
Qxf1+ 49. Ke5 Kd7 0-1

[Event "Speed Chess Invitational"]
[Site "chess.com INT"]
[Date "2020.10.25"]
[Round "1.7"]
[White "Vidit, Santosh Gujrathi"]
[Black "Dubov, Daniil"]
[Result "0-1"]
[WhiteTitle "GM"]
[BlackTitle "GM"]
[WhiteElo "2726"]
[BlackElo "2699"]
[WhiteFideId "5029465"]
[BlackFideId "24126055"]
[EventDate "2020.10.25"]

1. d4 g6 2. Nf3 Bg7 3. g3 Nf6 4. Bg2 b6 5. O-O Bb7 6. c4 O-O 7. d5 Na6 8. Nc3
Nc5 9. Nd4 e5 10. Nb3 d6 11. e4 a5 12. Be3 Bc8 13. f3 Nh5 14. Nxc5 bxc5 15. Qd2
Bd7 16. b3 f5 17. Bg5 Qe8 18. Rab1 f4 19. g4 Nf6 20. a3 h6 21. Bh4 g5 22. Bf2 h5
23. h3 hxg4 24. hxg4 Nxg4 25. fxg4 Bxg4 26. Qd3 Qh5 27. Rfe1 f3 28. Bf1 Bh3 29.
Bg3 Rf4 30. Kf2 Raf8 31. Bxh3 Qxh3 32. Rg1 Rg4 33. Qf1 Rxg3 34. Qxh3 Rxh3 35.
Rxg5 Kh7 36. Rbg1 Rh2+ 37. Kg3 Rc2 38. Nd1 Bh6 39. Rg4 Bf4+ 40. Kh4 Rh2# 0-1

[Event "Speed Chess Invitational"]
[Site "chess.com INT"]
[Date "2020.10.25"]
[Round "1.8"]
[White "Dubov, Daniil"]
[Black "Vidit, Santosh Gujrathi"]
[Result "1-0"]
[WhiteTitle "GM"]
[BlackTitle "GM"]
[WhiteElo "2699"]
[BlackElo "2726"]
[WhiteFideId "24126055"]
[BlackFideId "5029465"]
[EventDate "2020.10.25"]

1. d4 Nf6 2. Nf3 d5 3. c4 e6 4. g3 Be7 5. Bg2 O-O 6. O-O dxc4 7. Qc2 a6 8. Rd1
b5 9. Ne5 Nd5 10. b3 cxb3 11. axb3 Bb7 12. Ba3 Bxa3 13. Nxa3 Nd7 14. Nc6 Bxc6
15. Qxc6 N7b6 16. e4 Nb4 17. Qc3 Qe7 18. h4 Rfd8 19. h5 h6 20. Bf3 Kf8 21. Kg2
Rac8 22. Nc2 Nxc2 23. Qxc2 Ra8 24. e5 Ra7 25. Qh7 Qg5 26. Rac1 Qxh5 27. Bxh5 1-0

[Event "Speed Chess Invitational"]
[Site "chess.com INT"]
[Date "2020.10.25"]
[Round "1.9"]
[White "Vidit, Santosh Gujrathi"]
[Black "Dubov, Daniil"]
[Result "1/2-1/2"]
[WhiteTitle "GM"]
[BlackTitle "GM"]
[WhiteElo "2726"]
[BlackElo "2699"]
[WhiteFideId "5029465"]
[BlackFideId "24126055"]
[EventDate "2020.10.25"]

1. Nf3 g6 2. g3 Bg7 3. Bg2 Nf6 4. O-O O-O 5. b3 b6 6. Bb2 Bb7 7. c4 c5 8. Nc3 d6
9. d4 cxd4 10. Qxd4 Nbd7 11. Rfd1 Rc8 12. Rac1 a6 13. Bh3 b5 14. cxb5 Ne4 15.
Qe3 Nxc3 16. Bxc3 Rxc3 17. Rxc3 Bxc3 18. Qxc3 axb5 19. Nd4 Nf6 20. Nxb5 Qb6 21.
Nd4 Ne4 22. Qe3 Ra8 23. a4 e5 24. Nb5 Qxe3 25. fxe3 Bc6 26. Bg2 d5 27. Nc7 Rb8
28. Nxd5 Bxd5 29. Rxd5 Nc3 30. Rxe5 Rxb3 31. a5 Ra3 32. Bb7 Nxe2+ 33. Kf2 Nc1
34. Kf3 Nb3 35. a6 Nd2+ 36. Ke2 Nc4 37. Re7 Kf8 38. Rc7 Nd6 39. Rd7 Nc4 40. e4
Ra2+ 41. Ke1 Ne5 42. Rc7 Nd3+ 43. Kd1 Nb4 44. Rc8+ Kg7 45. Rc4 Nxa6 46. Ke1 Nb8
47. Bd5 Ra7 48. Ke2 Nd7 49. Rc2 Ne5 50. Kf2 Re7 51. Kg2 Kf6 52. h3 Kg7 53. Rb2
Nd3 54. Rb7 Rxb7 55. Bxb7 Kf6 56. Kf3 Ke5 57. Ke3 Nc5 58. Bc6 f6 59. Ba8 Ne6 60.
Bd5 Ng5 61. h4 Ne6 62. Bxe6 Kxe6 63. Kf4 Kd6 64. g4 h6 65. Ke3 Ke6 66. Kd4 Kd6
67. Kd3 Ke5 68. Ke3 g5 69. h5 Ke6 70. Ke2 Kd6 71. Kd2 Ke5 72. Ke3 Ke6 73. Ke2
Ke7 74. Kd2 Kd7 75. Ke2 Kc6 76. Ke3 Kd6 77. Kd2 Kc5 78. Kc3 Kd6 79. Kd2 1/2-1/2

[Event "Speed Chess Invitational"]
[Site "chess.com INT"]
[Date "2020.10.25"]
[Round "1.10"]
[White "Dubov, Daniil"]
[Black "Vidit, Santosh Gujrathi"]
[Result "1-0"]
[WhiteTitle "GM"]
[BlackTitle "GM"]
[WhiteElo "2699"]
[BlackElo "2726"]
[WhiteFideId "24126055"]
[BlackFideId "5029465"]
[EventDate "2020.10.25"]

1. d4 Nf6 2. Nf3 d5 3. c4 e6 4. g3 Be7 5. Bg2 O-O 6. O-O dxc4 7. Qc2 a6 8. Rd1
b5 9. Ne5 Nd5 10. b3 cxb3 11. axb3 Bb7 12. Ba3 Bd6 13. Nd3 Bxa3 14. Nxa3 Nd7 15.
e4 N5f6 16. Re1 Rc8 17. Rad1 Qe7 18. b4 Rfd8 19. Qc3 h6 20. Nc2 Ne8 21. Na1 Nd6
22. Nb3 Nc4 23. h4 c6 24. Ndc5 Nxc5 25. Nxc5 Ra8 26. Ra1 Bc8 27. e5 Qc7 28. h5
a5 29. bxa5 Rxa5 30. Be4 Rxa1 31. Rxa1 Nb6 32. Bc2 Kf8 33. Qa3 Qe7 34. Qe3 Nc4
35. Qe4 Rd5 36. Qh7 Ke8 37. Ra8 Kd8 38. Qg8+ Qe8 39. Rxc8+ Kxc8 40. Qxe8+ Kc7
41. Qxf7+ Kb6 42. Nxe6 Ka5 43. Be4 1-0

[Event "Speed Chess Invitational"]
[Site "chess.com INT"]
[Date "2020.10.25"]
[Round "1.11"]
[White "Vidit, Santosh Gujrathi"]
[Black "Dubov, Daniil"]
[Result "1-0"]
[WhiteTitle "GM"]
[BlackTitle "GM"]
[WhiteElo "2726"]
[BlackElo "2699"]
[WhiteFideId "5029465"]
[BlackFideId "24126055"]
[EventDate "2020.10.25"]

1. Nf3 g6 2. g3 Bg7 3. Bg2 Nf6 4. O-O O-O 5. d4 b6 6. Nc3 Bb7 7. Re1 d5 8. Bf4
a6 9. Qd2 Nbd7 10. Rad1 e6 11. Ne5 c5 12. Bg5 cxd4 13. Qxd4 Nxe5 14. Qxe5 h6 15.
Bxf6 Bxf6 16. Qf4 Bg7 17. e4 d4 18. e5 Bxg2 19. Kxg2 Qc7 20. Rxd4 Rfd8 21. Rd6
Bf8 22. Ne4 g5 23. Rxd8 gxf4 24. Rxa8 Qxc2 25. Nf6+ Kg7 26. Re4 h5 27. Rxf4 Qc6+
28. Kh3 Qxa8 29. Nxh5+ Kh8 30. Rxf7 Qe8 31. Rh7+ Kxh7 32. Nf6+ Kg6 33. Nxe8 Bc5
34. f4 b5 35. Kg4 a5 36. h4 a4 37. h5+ Kf7 38. Nd6+ Ke7 39. Nxb5 1-0

[Event "Speed Chess Invitational"]
[Site "chess.com INT"]
[Date "2020.10.25"]
[Round "1.12"]
[White "Dubov, Daniil"]
[Black "Vidit, Santosh Gujrathi"]
[Result "1/2-1/2"]
[WhiteTitle "GM"]
[BlackTitle "GM"]
[WhiteElo "2699"]
[BlackElo "2726"]
[WhiteFideId "24126055"]
[BlackFideId "5029465"]
[EventDate "2020.10.25"]

1. d4 Nf6 2. Nf3 d5 3. c4 e6 4. g3 Bb4+ 5. Nbd2 O-O 6. Bg2 b6 7. O-O Bb7 8. Ne5
a5 9. cxd5 Bxd5 10. Ndf3 Nbd7 11. Bg5 h6 12. Bxf6 Nxf6 13. a3 Be7 14. Rc1 c5 15.
e3 Rc8 16. Qe2 Qc7 17. dxc5 bxc5 18. Rfd1 Qb7 19. Nc4 a4 20. Nh4 Rfd8 21. Bxd5
exd5 22. Ne5 Ne4 23. Nhf3 Bf6 24. Rc2 h5 25. h4 c4 26. Rdc1 Qe7 27. Nxc4 dxc4
28. Rxc4 Qe6 29. Rxc8 Rxc8 30. Rxc8+ Qxc8 31. Qd3 Qc6 32. Nd4 Bxd4 33. exd4 Qd5
34. Qa6 Qxd4 35. Qc8+ Kh7 36. Qf5+ Kh6 37. Qxf7 Nf6 38. Qb7 Kg6 39. Qf3 Qe4 40.
Qd1 Nd5 41. f3 Qe3+ 42. Kg2 Nf6 43. Qc2+ Kh6 44. Qxa4 Qe2+ 45. Kh3 Qf1+ 46. Kh2
Qf2+ 47. Kh3 Qxf3 48. Qf4+ Qxf4 49. gxf4 Kg6 50. a4 Nd5 51. Kg3 Kf5 52. a5 Ke4
53. a6 g6 54. a7 Nb6 55. b4 Ke3 56. b5 Ke4 57. Kf2 Kxf4 58. Ke2 Ke4 59. Kd2 Kd4
60. Ke2 Ke4 61. Kd2 Kd4 62. Ke2 Ke4 1/2-1/2